|
|
|
|
| LEADER |
00985nam a2200229 a 4500 |
| 001 |
000615121 |
| 003 |
CZ BrMZK |
| 005 |
20101103144104.0 |
| 007 |
ta |
| 008 |
020806s1981 xr f cze d |
| 040 |
|
|
|a BOA001
|b cze
|c BOA001
|
| 080 |
9 |
|
|a 628.19
|2 MRF
|
| 245 |
0 |
0 |
|a Matematické modelování havárijních látkových vln v tocích a predikce jejich pohybu /
|c vypracoval Augustin Nejedlý
|
| 260 |
|
|
|a [Praha] :
|b Ministerstvo lesního a vodního hospodářství ČSR,
|c 1981
|
| 300 |
|
|
|a 70 s.
|
| 490 |
1 |
|
|a Ediční řada návodů, pokynů pro aplikaci výsledků vyřešených úkolů TR v oboru vodovodů a kanalizací ;
|v 27
|
| 504 |
|
|
|a Obsahuje bibliografii
|
| 700 |
1 |
|
|a Nejedlý, Augustin
|4 aut
|
| 830 |
|
0 |
|a Ediční řada návodů, pokynů pro aplikaci výsledků vyřešených úkolů TR v oboru vodovodů a kanalizací
|
| 910 |
|
|
|a BOA001
|b 2-0839.496
|
| 990 |
|
|
|a BK
|
| 996 |
6 |
|
|b 2619707772
|c 2-0839.496
|l MZK
|r Sklad / do 1 hodiny
|n 6
|w 000615121
|u 000010
|a 1
|e BOA001
|j MZK50
|s P
|